000 00234cam a2200097ua 4500
001 24999
008 190926n II |||gr||||Z||||||eng
100 _aVASISTHA, A.R.
245 _aLINEAR ALGEBRA & MATRICES
999 _c28246
_d28246